000 00574nam a22001817a 4500
005 20220622105458.0
008 220622b ||||| |||| 00| 0 eng d
040 _cAL
041 _aEnglish
082 _223
_a388.4095
_bDELD
100 _aDelhi Metro Rail Corporation
_944403
245 _aDream Revisited: An Archival Journey into the Making of the Delhi Metro Rail
260 _aNew Delhi
_bDelhi Metro Rail Corporation Ltd
_c2003
300 _bHB
_c29x22 cm.
650 _aDelhi Metro Rail
_944404
700 _aDELHI METRO RAIL CORPORATION
_944405
942 _2ddc
_cGF
999 _c223438
_d223438